| 000 | 004290000a22001690004500 | ||
|---|---|---|---|
| 003 | MACL | ||
| 005 | 20151230174931.0 | ||
| 008 | 151230b xxu||||| |||| 00| 0 eng d | ||
| 040 |
_aMACL _cMACL |
||
| 041 | _aEnglish | ||
| 082 | _a294.5/SAR | ||
| 100 |
_aSarma, D S _925372 |
||
| 245 | _aHinuism Through The Ages | ||
| 260 |
_bBharatiya Vidhya Bhavan _c1956 _aCalcutta |
||
| 650 |
_aReligion _925373 |
||
| 942 |
_cBK _k294.5/SAR _2ddc |
||
| 999 |
_c38812 _d38812 |
||